000 00807nas a2200253 4500
001 BR2019000581
003 BR-BrBNA
005 20231205131620.0
007 ta
008 230509b bl.|||p| |||| 00| 00por d
040 _aBR-BrBNA
_bpor
_cBiblioteca Nacional de Agricultura
041 _a(En)
072 _aM12
100 1 _aMoraes, C.R.F. de
100 1 _aHenry-Silva, G.G.
245 1 _aMixing models and stable isotopes as tools for research on feeding aquatic organisms
650 _aPEIXE
650 _aHÁBITO ALIMENTAR
650 _aDIETA
773 0 _tCiência Rural (Brazil)
_xISSN 1678-4596
_g(2018), v. 48(7) p. 1-14
_wBR2019000581
856 4 0 _uhttp://www.scielo.br/pdf/cr/v48n7/1678-4596-cr-48-07-e20160101.pdf
909 _a202311
_bLúcia
_c55
_dLúcia Elande
942 _2AGRIS
_n0
_cANA
999 _c255731
_d255731